Os heróis da Rapunzel (Record no. 45571)

MARC details
000 -Etiqueta do registo
Valores 00949nam a2200289 4500
010 ## - Número ISBN
ISBN 9789722044769
021 ## - Número do Depósito Legal
Número 321792/11
100 ## - Dados gerais de processamento
Dados gerais 20170112d2011 cd y0pory50030103ba
101 1# - Língua de publicação
Língua por
102 ## - País de publicação
País PT
200 1# - Titulo e menção de responsabilidade
Título próprio Os heróis da Rapunzel
Primeira menção de responsabilidade escrito por Barbara Balzadua
Outras menções de responsabilidade il. Denise Shimabukuro, Estúdios IBOIX
-- trad. Marta Nazaré
205 ## - Menção da edição
Edição 1.ª ed.
210 #9 - Publicação
Local de publicação Alfragide
Nome do editor Publicações Dom Quixote,
Data de publicação 2011
215 ## - Descrição física 
Paginação / Volumes 24 p.
Outras indicações físicas todo il.
Dimensões 24 cm
225 2# - Colecção 
Título próprio da colecção Disney princesa
Indicação de volume 6
304 ## - Nota relativa ao título
Texto de nota Tít. orig.: Rapunzel's heroes
675 ## - CDU
Notação 087.5
Edição BN
Língua por
675 ## - CDU
Notação 821.111(73)-93"19/20"
Edição BN
Língua por
675 ## - CDU
Notação 821.111(73)-34"19/20"
Edição BN
Língua por
700 #1 - Autor principal
Apelido Balzadua,
Nome Barbara
702 #1 - Autor secundário
Apelido Shimabukuro,
Nome Denise
Função 440
702 #1 - Autor secundário
Apelido Nazaré,
Nome Marta
Função 730
801 #0 - Fonte de origem
País PT
Agência BN
Regras de catalogação RPC
856 41 - Localização e acesso electrónico 
URL <a href="http://rnod.bnportugal.gov.pt/ImagesBN/winlibimg.aspx?skey=&doc=1953212&img=88124&save=true">http://rnod.bnportugal.gov.pt/ImagesBN/winlibimg.aspx?skey=&doc=1953212&img=88124&save=true</a>
990 ## - Elementos KOHA
Tipo de documento Livro
Holdings
Aquisição Empréstimo Código de barras Cota Permissão de empréstimo Tipo de documento
Biblioteca do Centro Escolar de Montoito Biblioteca do Centro Escolar de Montoito 81987 82-93 BAL LIT. INF. JUV.   Livro

Powered by Koha